Normal view
MARC view
Entry Topical Term
001 - CONTROL NUMBER
- control field: 12669
003 - CONTROL NUMBER IDENTIFIER
- control field: HDC
005 - DATE AND TIME OF LATEST TRANSACTION
- control field: 20230624073404.0
008 - FIXED-LENGTH DATA ELEMENTS
- fixed length control field: 210209|| aca||aabn | a|a d
040 ## - CATALOGING SOURCE
- Original cataloging agency: HDC
- Transcribing agency: HDC
150 ## - HEADING--TOPICAL TERM
- Topical term or geographic name entry element: Aflatoxin
670 ## - SOURCE DATA FOUND
- Source citation: Work cat.: (HDC): Abidin Hamid, author 12668, Multiple usage of the ISOLUTE multimode column for the development of a simple, rapid and cost effective method for aflatoxin analysis /, 2002
